Movies Quiz

Random Movies or Clickable Quiz

Disney Movie by DVD Chapter Quiz Stats

 Plays Quiz Updated Jul 9, 2013

Challenge
Share
Tweet
Embed
Score 0/36 Timer 08:00
5 Plays Today
% Correct
Lady and the Tramp
92.8%
Dumbo
91.9%
Aladdin
90.9%
Cinderella
90.6%
Robin Hood
85.2%
The Lion King
84.7%
Pocahontas
84%
Toy Story
83.6%
Monsters, Inc.
81.8%
Lilo & Stitch
81.7%
The Emperor's New Groove
81.5%
Alice in Wonderland
81.1%
101 Dalmatians
80.5%
Peter Pan
78.8%
The Little Mermaid
76.3%
The Hunchback of Notre Dame
74.8%
The Many Adventures of Winnie the Pooh
74.6%
Treasure Planet
74.5%
% Correct
Mulan
74.5%
Pinocchio
74.4%
Up
71.4%
Ratatouille
71.2%
Finding Nemo
70.7%
Hercules
68.4%
Oliver & Company
65.6%
Bambi
64.3%
Fantasia 2000
64%
The Great Mouse Detective
63.7%
The Incredibles
60.7%
Wall-E
60.3%
Bolt
59.8%
Atlantis: The Lost Empire
58.7%
Tarzan
51.3%
The Aristocats
51%
Toy Story 2
50.9%
A Bug's Life
46.1%

You're not logged in!

Compare scores with friends on all Sporcle quizzes.
Join for Free
OR
Log In

You Might Also Like...

Show Comments

Extras

Top Quizzes Today


Score Distribution

Your Account Isn't Verified!

In order to create a playlist on Sporcle, you need to verify the email address you used during registration. Go to your Sporcle Settings to finish the process.

Report this User

Report this user for behavior that violates our Community Guidelines.

Details: